000 00868nam a22002297a 4500
999 _c19372
_d19372
003 AR-CdUCM
008 190517b ||||| |||| 00| 0 spa d
040 _aMUNICIPALIDAD PROVINCIAL DEL CUSCO
_cBIBLIOTECA MUNICIPAL DEL CUSCO
082 _22ed.
_a550 /
_bG39
100 _aGhe, R
_940676
245 _aLa tierra inquieta :
_buna geología para todos /
260 _aBarcelona :
_bLabor,
_c1943.
300 _a274 paginas ;
_bIlustraciones,
_c22 cm.
505 _aContenido : Comienzo enigmático -- La paz de la tierra -- La vida petrificada -- El gran ritmo -- La formación de las montañas...
650 _aLa tierra tiembla
_940677
650 _aLa oscilante corteza
_940678
650 _aFormación de las montañas
_940679
700 _aSelinck.
_940680
700 _aCastells, José (Traducción)
_940681
942 _2ddc
_cLIBROS
945 _awnts
_d2019-05-17